=LDR 00000nam 2200000 4500 =001 INLIS000000000017423 =005 20130612112628 =008 ***********************************Ind** =035 ##$$0010-061300000017423 =041 ##$$a Ind =082 ##$$a 621.1 =090 ##$$a 621.1, Jok k =100 ##$$a Jokosetyarjo, M.J =245 ##$$a Ketel uap, oleh M.J Djokosetyardjo =260 ##$$a 2003 $b Jakarta =300 ##$$a xii, 348 hlm, ilus, 23 cm =650 ##$$a Uap rekayasa =850 ##$$a NBPNMAT